000 00876nam a2200229Ii 4500
003 JO-AjNU
008 230605s9999||||xx |||||||||||||| ||und||
017 _a2012/6/2238
020 _a978-9957-506-83-4
040 _aJO-AjNU
_bara
_erda
_cJO-AjNU
041 _aara
050 1 4 _aHV1568 .N39 2012
100 3 _aتأليف: النواصرة، فيصل عيسى عبد القادر,
_eauthor
_947830
245 0 0 _aدليل الأسرة في الوقاية من الاعاقة
250 _aط1
264 3 1 _aعمان: عماد الدين للنشر والتوزيع، 2012
300 _a164ص
_bيحتوي على ببلوغرافية من 159-164ص
336 _atext
_btxt
_2rdacontent
337 _aunmediated
_bn
_2rdamedia
338 _avolume
_bnc
_2rdacarrier
650 4 _aالمعوقين - رعاية -اعادة تأهيل - احوال اجتماعية
_947831
999 _aA20907
_c24475
_d24475